Southville International School and Colleges
Your cart is empty.
  • Cart
  • Lists
    Public lists Eva Luna New books Lux_list list_1
    Your lists Log in to create your own lists
  • Log in to your account
  • Your cookies
  • Search history
Southville International School and Colleges
  • Advanced search
  • Recent comments
  • Most popular
  • Libraries

Log in to your account

Log in with GOOGLE


If you do not have an external account, but do have a local account, you can still log in:

  1. Home
  2. MARC view: Geronimo and the gold medal mystery /
Normal view MARC view ISBD view

Geronimo and the gold medal mystery / (Record no. 42933)

[ view plain ]
MARC details
000 -LEADER
fixed length control field 01242cam a22003855a 4500
001 - CONTROL NUMBER
control field 15445785
003 - CONTROL NUMBER IDENTIFIER
control field OSt
005 - DATE AND TIME OF LATEST TRANSACTION
control field 20140407132401.0
008 - FIXED-LENGTH DATA ELEMENTS--GENERAL INFORMATION
fixed length control field 080910s2007 nyuab b 000 1 eng
010 ## - LIBRARY OF CONGRESS CONTROL NUMBER
LC control number 2008276847
020 ## - INTERNATIONAL STANDARD BOOK NUMBER
International Standard Book Number 0545021332
020 ## - INTERNATIONAL STANDARD BOOK NUMBER
International Standard Book Number 0545021332 (pbk.)
040 ## - CATALOGING SOURCE
Original cataloging agency DLC
Transcribing agency DLC
041 1# - LANGUAGE CODE
Language code of text/sound track or separate title eng
Language code of original and/or intermediate translations of text ita
042 ## - AUTHENTICATION CODE
Authentication code lcac
050 00 - LIBRARY OF CONGRESS CALL NUMBER
Classification number PZ 7
Item number .St857Ggmm 2008
130 0# - MAIN ENTRY--UNIFORM TITLE
Uniform title Strano caso dei Giochi Olimpici.
Language of a work English.
9 (RLIN) 26208
245 10 - TITLE STATEMENT
Title Geronimo and the gold medal mystery /
Statement of responsibility, etc Geronimo Stilton.
260 ## - PUBLICATION, DISTRIBUTION, ETC. (IMPRINT)
Place of publication, distribution, etc New York :
Name of publisher, distributor, etc Scholastic,
Date of publication, distribution, etc c2007.
300 ## - PHYSICAL DESCRIPTION
Extent 87 p. :
Other physical details col. ill., maps ;
Dimensions 20 cm.
500 ## - GENERAL NOTE
General note "English translation...by Atlantyca S.p.A."--T.p. verso.
500 ## - GENERAL NOTE
General note Includes facts about the Olympics.
521 ## - TARGET AUDIENCE NOTE
Target audience note
526 ## - STUDY PROGRAM INFORMATION NOTE
Reading level 810
562 ## - COPY AND VERSION IDENTIFICATION NOTE
Number of copies for circulation. 1 copy available in the collection
650 #1 - SUBJECT ADDED ENTRY--TOPICAL TERM
Topical term or geographic name as entry element Mice
Form subdivision Fiction.
9 (RLIN) 26209
650 #1 - SUBJECT ADDED ENTRY--TOPICAL TERM
Topical term or geographic name as entry element Olympics
Form subdivision Fiction.
9 (RLIN) 26210
650 #1 - SUBJECT ADDED ENTRY--TOPICAL TERM
Topical term or geographic name as entry element Journalists
Form subdivision Fiction.
9 (RLIN) 26211
650 #1 - SUBJECT ADDED ENTRY--TOPICAL TERM
Topical term or geographic name as entry element Mystery and detective stories.
9 (RLIN) 3790
650 #1 - SUBJECT ADDED ENTRY--TOPICAL TERM
Topical term or geographic name as entry element Humorous stories.
9 (RLIN) 3831
906 ## - LOCAL DATA ELEMENT F, LDF (RLIN)
a 7
b cbc
c origres
d 2
e ncip
f 20
g y-gencatlg
942 ## - ADDED ENTRY ELEMENTS (KOHA)
Source of classification or shelving scheme Library of Congress Classification
Koha item type Books
Holdings
Withdrawn status Lost status Source of classification or shelving scheme Damaged status Home library Current library Shelving location Date acquired Total Checkouts Full call number Barcode Date last seen Copy number Price effective from Koha item type
    Library of Congress Classification   Munich Library Munich Library Scholastic Reading Center Section 03/11/2014   PZ 7 .St857Ggmm 2008 MS3103 03/11/2014 1 03/11/2014 Books

Geronimo and the gold medal mystery /

APA

(2007). Geronimo and the gold medal mystery. New York: Scholastic.

Chicago

2007. Geronimo and the gold medal mystery. New York: Scholastic.

Harvard

(2007). Geronimo and the gold medal mystery. New York: Scholastic.

MLA

Geronimo and the gold medal mystery. New York: Scholastic. 2007.

  • Place hold
  • Print
  • Cite
  • Add to your cart (remove)
  • Save record
    BIBTEX Dublin Core MARCXML MARC (non-Unicode/MARC-8) MARC (Unicode/UTF-8) MARC (Unicode/UTF-8, Standard) MODS (XML) RIS
  • More searches
    Search for this title in:
    Other Libraries (WorldCat) Other Databases (Google Scholar) Online Stores (Bookfinder.com) Open Library (openlibrary.org)

Exporting to Dublin Core...

SOUTHVILLE LIBRARY

Southville International School and Colleges Library

1281 Tropical Ave. Cor. Luxembourg St., BF Homes International, Las Pinas City

Tel. No. 8256374 / 252358 Loc. 117/146

Powered by Koha